00940nam a22002655i 450000100060000000300090000600500170001500700030003200800410003502000180007604000220009408000250011608000210014110000310016224500540019326000750024730000400032249000540036250400320041660000330044865100540048171000530053583000530058885200330064112013ES-MaACL20250818102741.0t|960506s1995 sp ||||0| spa j a84-8173-026-2 aM-BN bspa cM-BN a929 Juan (460.18) II a946.018"1406/54"1 aPorras Arboledas, Pedro A.10aJuan II, 1406-1454 / cPedro A. Porras Arboledas. aPalencia : bDiputación Provincial ; aBurgos : bLa Olmeda, c1995. a373 p., [16] p. de lám ; c22 cm.1 aCorona de España. I. Reyes de Castilla y León aBibliografía: p. 333-366.14aJuan bII cRey de Castilla. 4aCastilla (Reino)-xHistoria-y1406-1454, Juan II 1 aPalencia (Provincia). bDiputación Provincial.00aCorona de España. pReyes de Castilla y León aES-MaACLjL-19327 bR.124712